Deutsche Auswanderung in die USA
| Titel: | Deutsche Auswanderung in die USA / Karl Lenz |
|---|---|
| Verfasser: | |
| In: |
Pommern, Band 14, Heft 3 (1976), Seite 2-7 alle Artikel anzeigen |
| Veröffentlicht: | 1976 |
| Umfang: | Illustrationen |
| Format: | Aufsatz |
| Sprache: | Deutsch |
X
alg: 43256944 001A $03025:14-06-18 001B $06060:20-06-18 $t06:52:56.000 001C $03025:14-06-18 $t09:17:33.000 001D $03025:14-06-18 001U $0utf8 001X $00 002@ $0Aou 002C $aText $btxt $2rdacontent 002D $aohne Hilfsmittel zu benutzen $bn $2rdamedia 002E $aBand $bnc $2rdacarrier 003@ $0432569448 007A $0432569448 $aHEB 010@ $ager 010E $erda 011@ $a1976 021A $aDeutsche Auswanderung in die USA $hKarl Lenz 028A $BVerfasser $#Lenz, Carl $#Lenz, K. $#Lenz, ... $4aut $7 $8Lenz, Karl [Tnd] $9137053231 031A $d14 $e3 $h2-7 $j1976 034M $aIllustrationen 039B $aEnthalten in $8--Abvc--. Pommern. - Greifswald : Pommersche Stiftung für historische Bildung, 1967-. - ISSN 0032-4167 $x197600000140003998 $9048244473 044K $RDeutsches Sprachgebiet $RDeutschland $RDeutschland $#Deutsche Länder $#Germany Deutschland $#Heiliges Römisches Reich $#Rheinbund $#Deutscher Bund $#Norddeutscher Bund $#Deutsches Reich $#Deutschland Gebiet unter Alliierter Besatzung $#Deutschland Bundesrepublik, 1990- $#BRD 1990- $#Federal Republic of Germany Deutschland $#Republic of Germany Deutschland $#Allemagne Deutschland $#Ǧumhūrīyat Almāniyā al-Ittiḥādīya $#Bundesrepublik Deutschland 1990- $#BRD $#Niemcy $#République Fédérale d'Allemagne Deutschland $#Repubblica Federale di Germania Deutschland $#Germanija $#Federativnaja Respublika Germanija $#FRG $#Deyizhi-Lianbang-Gongheguo $74011882-4 $8Deutschland [Tg1] $9085025550 044K $RKonföderierte Staaten von Amerika $#USA $#USA $#United States of America $#Vereinigte Staaten von Amerika $#Nordamerika USA $#Amerika USA $#United States $#United States of America $#Etats Unis $#Etats-Unis $#Vereinigte Staaten $#Estados Unidos de America $#EEUU $#Vereinigte Staaten von Nordamerika $#Soedinennye Štaty Ameriki $#SŠA $#Stany Zjednoczone Ameryki Północnej $#Hēnōmenai Politeiai tēs Boreiu Amerikēs $#Hēnōmenes Politeies tēs Amerikēs $#HēPA $#Ēnōmenes Politeies tēs Amerikēs $#ĒPA $#Meiguo $#Etats-Unis d'Amérique $#US $74078704-7 $8USA [Tgz] $908522331X 044K $RMecklenburg-Vorpommern $#Pommern $#Pommern $#Herzogtum Pommern $#Herzogthum Pommern $#Provinz Pommern $#Pomorze $74046744-2 $8Pommern [Tg1] $9085130354 044K $RMigration $RInternationale Migration $RAuswanderer $RExil $#Emigration and immigration $#Émigration et immigration $#Auswanderung $#Auswanderung $#Emigration $#Emigration Auswanderung $74003920-1 $8Auswanderung [Ts1] $9085002232 045T $a7,41 $a8,1 lok: 43256944 78 exp: 43256944 78 1 #EPN 201B/01 $014-06-18 $t09:10:45.000 201C/01 $014-06-18 201U/01 $0utf8 203@/01 $01023559188 208@/01 $a14-06-18 $be 209A/01 $a/ $f000 $x00 209A/01 $ab*p $x01 220C/01 $awma 244Z/01 $#Pommern $#Pommern $#Herzogtum Pommern $#Herzogthum Pommern $#Provinz Pommern $#Pomorze $74046744-2 $8--Tg1--Pommern $x06 $9085130354 247C/01 $82080>Marburg/Lahn, Herder-Institut, Forschungsbibliothek, Bibliographieportal $9336309341
| LEADER | 00000caa a2200000 c 4500 | ||
|---|---|---|---|
| 001 | 432569448 | ||
| 003 | DE-603 | ||
| 005 | 20180620065256.0 | ||
| 007 | tu | ||
| 008 | 180614s1976 xx |||| | u00||u|ger c | ||
| 035 | |a (DE-599)HEB432569448 | ||
| 040 | |a DE-603 |b ger |c DE-603 |d DE-603 |e rda | ||
| 041 | |a ger | ||
| 084 | |a 7,41 |a 8,1 |2 ssgn | ||
| 100 | 1 | |a Lenz, Karl |e Verfasser |4 aut |0 (DE-603)137053231 | |
| 245 | 0 | 0 | |a Deutsche Auswanderung in die USA |c Karl Lenz |
| 264 | 0 | |c 1976 | |
| 300 | |b Illustrationen | ||
| 336 | |a Text |b txt |2 rdacontent | ||
| 337 | |a ohne Hilfsmittel zu benutzen |b n |2 rdamedia | ||
| 338 | |a Band |b nc |2 rdacarrier | ||
| 650 | 7 | |a Auswanderung |0 (DE-588)4003920-1 |0 (DE-603)085002232 |2 gnd | |
| 651 | 7 | |a Deutschland |0 (DE-588)4011882-4 |0 (DE-603)085025550 |2 gnd | |
| 651 | 7 | |a USA |0 (DE-588)4078704-7 |0 (DE-603)08522331X |2 gnd | |
| 651 | 7 | |a Pommern |0 (DE-588)4046744-2 |0 (DE-603)085130354 |2 gnd | |
| 773 | 0 | 8 | |i Enthalten in |t Pommern |d Greifswald : Pommersche Stiftung für historische Bildung, 1967- |h 30 cm |x 0032-4167 |g Band 14, Heft 3 (1976), Seite 2-7 |w (DE-603)048244473 |w (DE-600)958645-3 |
| 924 | 0 | |9 2080 |a (DE-603)1023559188 |b DE-2080 |c HES |d d |g / | |


